[Event "Masters Tournament (MTO)"]
[Site "Biel, CH"]
[Date "2025.07.22"]
[Round "8"]
[White "Hu, Yu A."]
[Black "Schimnatkowski, Lukas"]
[Result "0-1"]
[Board "25"]
[WhiteFideId "8609993"]
[BlackFideId "12936723"]
[WhiteElo "2079"]
[BlackElo "2202"]
[WhiteTeam "CHN"]
[BlackTeam "GER"]
[WhiteClock "0:17:29"]
[BlackClock "0:16:45"]
[Variant "Standard"]

1. e4 {[%clk 1:40:57]}  e5 {[%clk 1:40:48]} 2. Nf3 {[%clk 1:40:55]}  Nc6 {[%clk 1:41:10]} 3. Bc4 {[%clk 1:40:58]}  Bc5 {[%clk 1:41:19]} 4. c3 {[%clk 1:41:02]}  Nf6 {[%clk 1:41:05]} 5. d3 {[%clk 1:41:17]}  d6 {[%clk 1:40:10]} 6. O-O {[%clk 1:41:29]}  a6 {[%clk 1:39:51]} 7. a4 {[%clk 1:40:35]}  Ba7 {[%clk 1:38:47]} 8. Nbd2 {[%clk 1:39:50]}  O-O {[%clk 1:34:01]} 9. h3 {[%clk 1:39:21]}  Be6 {[%clk 1:26:22]} 10. b4 {[%clk 1:07:59]}  Bxc4 {[%clk 0:58:04]} 11. Nxc4 {[%clk 1:28:03]}  b5 {[%clk 0:57:56]} 12. Ne3 {[%clk 1:26:30]}  d5 {[%clk 0:52:54]} 13. Qc2 {[%clk 1:23:15]}  Qd7 {[%clk 0:43:21]} 14. Nf5 {[%clk 1:14:19]}  Nh5 {[%clk 0:38:16]} 15. g4 {[%clk 1:06:12]}  Nf4 {[%clk 0:32:20]} 16. Bxf4 {[%clk 1:06:25]}  exf4 {[%clk 0:32:19]} 17. Qc1 {[%clk 1:06:33]}  d4 {[%clk 0:04:03]} 18. axb5 {[%clk 0:45:28]}  axb5 {[%clk 0:22:04]} 19. Qxf4 {[%clk 0:36:55]}  dxc3 {[%clk 0:21:36]} 20. Ne5 {[%clk 0:34:59]}  Nxe5 {[%clk 0:16:05]} 21. Qxe5 {[%clk 0:35:23]}  f6 {[%clk 0:16:39]} 22. Qxc3 {[%clk 0:35:47]}  g6 {[%clk 0:15:32]} 23. Qc6 {[%clk 0:29:14]}  Qd8 {[%clk 0:07:11]} 24. Ng3 {[%clk 0:25:46]}  Bxf2+ {[%clk 0:06:29]} 25. Kg2 {[%clk 0:19:13]}  Rxa1 {[%clk 0:06:17]} 26. Rxf2 {[%clk 0:18:31]}  Qxd3 {[%clk 0:03:28]} 27. Qe6+ {[%clk 0:18:00]}  Kg7 {[%clk 0:03:02]} 28. g5 {[%clk 0:13:03]}  Rg1+ {[%clk 0:01:51]} 29. Kxg1 {[%clk 0:12:23]}  Qxg3+ {[%clk 0:02:16]} 30. Rg2 {[%clk 0:12:37]}  Qe3+ {[%clk 0:02:05]} 31. Kh2 {[%clk 0:11:11]}  Qf4+ {[%clk 0:02:11]} 32. Kg1 {[%clk 0:08:42]}  Qe3+ {[%clk 0:02:01]} 33. Kh2 {[%clk 0:08:53]}  Qf4+ {[%clk 0:02:26]} 34. Kg1 {[%clk 0:09:14]}  fxg5 {[%clk 0:02:42]} 35. Qd7+ {[%clk 0:09:08]}  Rf7 {[%clk 0:02:37]} 36. Qxb5 {[%clk 0:08:12]}  Qe3+ {[%clk 0:02:51]} 37. Kh2 {[%clk 0:08:28]}  Qf4+ {[%clk 0:03:05]} 38. Kg1 {[%clk 0:08:16]}  Qe3+ {[%clk 0:01:57]} 39. Kh2 {[%clk 0:08:40]}  Qxe4 {[%clk 0:02:05]} 40. Qxg5 {[%clk 0:08:19]}  Qxb4 {[%clk 0:00:54]} 41. Qe5+ {[%clk 0:05:28]}  Kg8 {[%clk 0:26:24]} 42. Qe8+ {[%clk 0:35:50]}  Qf8 {[%clk 0:26:41]} 43. Qe4 {[%clk 0:36:00]}  Qd6+ {[%clk 0:26:39]} 44. Kg1 {[%clk 0:36:15]}  c5 {[%clk 0:24:30]} 45. Qe1 {[%clk 0:27:37]}  Qd4+ {[%clk 0:24:15]} 46. Kh1 {[%clk 0:26:53]}  Kg7 {[%clk 0:21:20]} 47. h4 {[%clk 0:17:11]}  Qf6 {[%clk 0:17:05]} 48. Kg1 {[%clk 0:17:29]}  Re7 {[%clk 0:16:45]} 0-1

[Event "Masters Tournament (MTO)"]
[Site "Biel, CH"]
[Date "2025.07.22"]
[Round "8"]
[White "Saxena, Vihaan"]
[Black "Sushanth Kamabathula"]
[Result "1/2-1/2"]
[Board "26"]
[WhiteFideId "30997780"]
[BlackFideId "25712667"]
[WhiteElo "2031"]
[BlackElo "2188"]
[WhiteTeam "USA"]
[BlackTeam "IND"]
[WhiteClock "0:28:44"]
[BlackClock "0:57:05"]
[Variant "Standard"]

1. d4 {[%clk 1:40:32]}  Nf6 {[%clk 1:40:54]} 2. c4 {[%clk 1:40:42]}  g6 {[%clk 1:40:53]} 3. g3 {[%clk 1:40:45]}  Bg7 {[%clk 1:40:52]} 4. Bg2 {[%clk 1:40:47]}  O-O {[%clk 1:40:50]} 5. Nc3 {[%clk 1:40:50]}  d6 {[%clk 1:40:39]} 6. Nf3 {[%clk 1:40:39]}  c5 {[%clk 1:40:01]} 7. dxc5 {[%clk 1:40:17]}  dxc5 {[%clk 1:38:57]} 8. Qxd8 {[%clk 1:40:30]}  Rxd8 {[%clk 1:39:17]} 9. Be3 {[%clk 1:40:38]}  Nc6 {[%clk 1:38:37]} 10. Bxc5 {[%clk 1:40:01]}  Nd7 {[%clk 1:38:07]} 11. Be3 {[%clk 1:39:41]}  Nb6 {[%clk 1:38:02]} 12. Nd2 {[%clk 1:38:17]}  Bxc3 {[%clk 1:38:02]} 13. bxc3 {[%clk 1:38:34]}  Be6 {[%clk 1:38:28]} 14. Rb1 {[%clk 1:13:00]}  Rd7 {[%clk 1:28:42]} 15. O-O {[%clk 0:58:17]}  Rc8 {[%clk 1:16:00]} 16. Bxb6 {[%clk 0:45:25]}  axb6 {[%clk 1:13:34]} 17. Bd5 {[%clk 0:37:31]}  Bxd5 {[%clk 0:59:09]} 18. cxd5 {[%clk 0:37:45]}  Rxd5 {[%clk 0:59:34]} 19. Nc4 {[%clk 0:36:24]}  Rc7 {[%clk 1:00:00]} 20. Nxb6 {[%clk 0:30:03]}  Rd2 {[%clk 0:59:04]} 21. Rfd1 {[%clk 0:29:13]}  Rxa2 {[%clk 0:56:57]} 22. Nd5 {[%clk 0:29:30]}  Rc8 {[%clk 0:57:08]} 23. Rxb7 {[%clk 0:29:27]}  Rxe2 {[%clk 0:57:05]} 24. Kf1 {[%clk 0:28:44]} 1/2-1/2

[Event "Masters Tournament (MTO)"]
[Site "Biel, CH"]
[Date "2025.07.22"]
[Round "8"]
[White "Mueller, Konstantin"]
[Black "Aditya Varun Gampa"]
[Result "0-1"]
[Board "27"]
[WhiteFideId "34661778"]
[BlackFideId "45066183"]
[BlackTitle "FM"]
[WhiteElo "2017"]
[BlackElo "2187"]
[WhiteTeam "GER"]
[BlackTeam "IND"]
[WhiteClock "0:00:32"]
[BlackClock "0:09:24"]
[Variant "Standard"]

1. d4 {[%clk 1:40:58]}  Nf6 {[%clk 1:30:38]} 2. c4 {[%clk 1:41:14]}  e6 {[%clk 1:30:25]} 3. Nf3 {[%clk 1:41:31]}  d5 {[%clk 1:30:11]} 4. Nc3 {[%clk 1:41:52]}  dxc4 {[%clk 1:29:43]} 5. e3 {[%clk 1:41:42]}  a6 {[%clk 1:30:44]} 6. a4 {[%clk 1:41:39]}  b6 {[%clk 1:30:02]} 7. Bxc4 {[%clk 1:41:25]}  Bb7 {[%clk 1:30:18]} 8. O-O {[%clk 1:41:14]}  Bb4 {[%clk 1:29:45]} 9. Qe2 {[%clk 1:37:36]}  O-O {[%clk 1:29:23]} 10. Rd1 {[%clk 1:35:56]}  Nbd7 {[%clk 1:26:23]} 11. Bd3 {[%clk 1:31:37]}  c5 {[%clk 1:27:22]} 12. dxc5 {[%clk 1:20:30]}  Bxc5 {[%clk 1:27:42]} 13. b3 {[%clk 1:15:07]}  Qc7 {[%clk 1:15:54]} 14. Bb2 {[%clk 1:02:00]}  Bc6 {[%clk 1:08:02]} 15. Ng5 {[%clk 1:09:25]}  Qb7 {[%clk 1:01:04]} 16. Nce4 {[%clk 1:03:31]}  Nxe4 {[%clk 1:01:46]} 17. Bxe4 {[%clk 0:54:58]}  Bxe4 {[%clk 0:55:58]} 18. Nxe4 {[%clk 1:01:08]}  Qxe4 {[%clk 0:55:30]} 19. Rxd7 {[%clk 1:01:25]}  Rfc8 {[%clk 0:29:43]} 20. Rc1 {[%clk 0:31:50]}  Bf8 {[%clk 0:52:57]} 21. Rdd1 {[%clk 0:28:16]}  Rxc1 {[%clk 0:49:39]} 22. Rxc1 {[%clk 0:24:43]}  Qd5 {[%clk 0:42:36]} 23. Qc2 {[%clk 0:23:11]}  Rd8 {[%clk 0:42:26]} 24. h3 {[%clk 0:20:20]}  b5 {[%clk 0:40:48]} 25. e4 {[%clk 0:22:01]}  Qd3 {[%clk 0:40:56]} 26. Qxd3 {[%clk 0:18:58]}  Rxd3 {[%clk 0:37:08]} 27. Rc8 {[%clk 0:16:56]}  b4 {[%clk 0:34:27]} 28. Kf1 {[%clk 0:13:20]}  f6 {[%clk 0:38:11]} 29. Ke2 {[%clk 0:12:41]}  Rxb3 {[%clk 0:38:35]} 30. Rc2 {[%clk 0:07:48]}  Bd6 {[%clk 0:30:10]} 31. Bd4 {[%clk 0:07:19]}  Ra3 {[%clk 0:16:20]} 32. Rc6 {[%clk 0:07:27]}  Bf8 {[%clk 0:15:40]} 33. Rxa6 {[%clk 0:07:40]}  e5 {[%clk 0:15:49]} 34. Be3 {[%clk 0:06:31]}  b3 {[%clk 0:12:45]} 35. Kd3 {[%clk 0:01:58]}  b2+ {[%clk 0:07:10]} 36. Kc2 {[%clk 0:06:46]}  Rb3 {[%clk 0:07:34]} 37. Kb1 {[%clk 0:07:03]}  Ba3 {[%clk 0:07:53]} 38. Ra8+ {[%clk 0:06:58]}  Kf7 {[%clk 0:08:19]} 39. Rd8 {[%clk 0:07:24]}  Rc3 {[%clk 0:07:51]} 40. Rd1 {[%clk 0:07:29]}  Rc4 {[%clk 0:05:30]} 41. a5 {[%clk 0:30:00]}  Ra4 {[%clk 0:03:33]} 42. Bb6 {[%clk 0:27:45]}  Ke6 {[%clk 0:28:57]} 43. Rd3 {[%clk 0:23:39]}  h5 {[%clk 0:22:34]} 44. g3 {[%clk 0:15:47]}  Bb4 {[%clk 0:21:25]} 45. Kxb2 {[%clk 0:15:43]}  Bxa5 {[%clk 0:16:21]} 46. Bxa5 {[%clk 0:14:36]}  Rxa5 {[%clk 0:08:32]} 47. Kc1 {[%clk 0:12:17]}  Ra4 {[%clk 0:18:15]} 48. Re3 {[%clk 0:07:37]}  Ra2 {[%clk 0:13:49]} 49. Rf3 {[%clk 0:04:53]}  Re2 {[%clk 0:17:35]} 50. h4 {[%clk 0:03:54]}  Rxe4 {[%clk 0:17:40]} 51. Kd2 {[%clk 0:05:01]}  Ra4 {[%clk 0:17:10]} 52. Ke2 {[%clk 0:05:16]}  Ra1 {[%clk 0:14:22]} 53. Rb3 {[%clk 0:04:37]}  Kf5 {[%clk 0:13:56]} 54. Rb4 {[%clk 0:02:52]}  Rh1 {[%clk 0:13:24]} 55. Kf3 {[%clk 0:00:05]}  Re1 {[%clk 0:11:35]} 56. Rb5 {[%clk 0:05:19]}  Rh1 {[%clk 0:10:11]} 57. Rb4 {[%clk 0:05:29]}  Rh2 {[%clk 0:09:51]} 58. Rb8 {[%clk 0:04:57]}  g6 {[%clk 0:08:59]} 59. Rb1 {[%clk 0:04:40]}  g5 {[%clk 0:07:22]} 60. hxg5 {[%clk 0:05:00]}  Kxg5 {[%clk 0:07:24]} 61. Re1 {[%clk 0:05:07]}  h4 {[%clk 0:07:28]} 62. gxh4+ {[%clk 0:04:48]}  Rxh4 {[%clk 0:07:45]} 63. Rg1+ {[%clk 0:05:07]}  Kf5 {[%clk 0:08:09]} 64. Ra1 {[%clk 0:05:31]}  Rh3+ {[%clk 0:08:22]} 65. Ke2 {[%clk 0:05:49]}  Rb3 {[%clk 0:08:41]} 66. Ra6 {[%clk 0:06:06]}  Kg5 {[%clk 0:09:05]} 67. Ra4 {[%clk 0:04:29]}  Rb2+ {[%clk 0:08:52]} 68. Kf3 {[%clk 0:03:20]}  f5 {[%clk 0:09:13]} 69. Ra3 {[%clk 0:03:17]}  e4+ {[%clk 0:07:33]} 70. Ke3 {[%clk 0:03:37]}  Kg4 {[%clk 0:07:25]} 71. Ra8 {[%clk 0:03:37]}  f4+ {[%clk 0:07:35]} 72. Kxe4 {[%clk 0:04:01]}  Re2+ {[%clk 0:07:11]} 73. Kd3 {[%clk 0:04:30]}  Rxf2 {[%clk 0:07:04]} 74. Ra7 {[%clk 0:00:35]}  Kf3 {[%clk 0:06:35]} 75. Rf7 {[%clk 0:00:39]}  Ra2 {[%clk 0:06:48]} 76. Rf8 {[%clk 0:00:52]}  Ra7 {[%clk 0:06:44]} 77. Kd2 {[%clk 0:01:15]}  Re7 {[%clk 0:07:09]} 78. Rf6 {[%clk 0:00:35]}  Kg3 {[%clk 0:07:30]} 79. Rg6+ {[%clk 0:00:46]}  Kf2 {[%clk 0:07:55]} 80. Rf6 {[%clk 0:00:52]}  Rd7+ {[%clk 0:08:13]} 81. Kc2 {[%clk 0:01:11]}  f3 {[%clk 0:08:41]} 82. Rg6 {[%clk 0:01:08]}  Kf1 {[%clk 0:08:59]} 83. Rf6 {[%clk 0:01:23]}  f2 {[%clk 0:09:23]} 84. Rg6 {[%clk 0:01:26]}  Rd5 {[%clk 0:09:01]} 85. Rh6 {[%clk 0:00:34]}  Rf5 {[%clk 0:09:00]} 86. Rg6 {[%clk 0:00:32]}  Ke2 {[%clk 0:09:24]} 0-1

[Event "Masters Tournament (MTO)"]
[Site "Biel, CH"]
[Date "2025.07.22"]
[Round "8"]
[White "Anetov, Amirzhan"]
[Black "Erne, Raphael"]
[Result "1/2-1/2"]
[Board "28"]
[WhiteFideId "13784951"]
[BlackFideId "1341928"]
[WhiteElo "1993"]
[BlackElo "2164"]
[WhiteTeam "KAZ"]
[BlackTeam "SUI"]
[WhiteClock "0:33:22"]
[BlackClock "0:06:31"]
[Variant "Standard"]

1. e4 {[%clk 1:40:59]}  c6 {[%clk 1:40:45]} 2. d4 {[%clk 1:41:13]}  d5 {[%clk 1:41:04]} 3. e5 {[%clk 1:41:39]}  c5 {[%clk 1:41:13]} 4. dxc5 {[%clk 1:41:15]}  e6 {[%clk 1:41:18]} 5. a3 {[%clk 1:41:02]}  Nc6 {[%clk 1:41:26]} 6. Nf3 {[%clk 1:42:47]}  Bxc5 {[%clk 1:41:40]} 7. b4 {[%clk 1:43:05]}  Bb6 {[%clk 1:41:59]} 8. Bb2 {[%clk 1:42:45]}  Nge7 {[%clk 1:42:05]} 9. Bd3 {[%clk 1:43:55]}  Ng6 {[%clk 1:41:59]} 10. b5 {[%clk 1:38:18]}  Na5 {[%clk 1:36:02]} 11. h4 {[%clk 1:21:15]}  Nc4 {[%clk 1:31:13]} 12. Bxc4 {[%clk 1:36:24]}  dxc4 {[%clk 1:10:04]} 13. O-O {[%clk 1:30:35]}  Nxh4 {[%clk 1:12:23]} 14. Qxd8+ {[%clk 1:14:56]}  Bxd8 {[%clk 1:12:48]} 15. Nxh4 {[%clk 1:14:47]}  Bxh4 {[%clk 1:13:11]} 16. Nd2 {[%clk 0:57:50]}  Bd7 {[%clk 0:56:08]} 17. Nxc4 {[%clk 0:57:13]}  Be7 {[%clk 0:52:50]} 18. a4 {[%clk 0:54:48]}  Rc8 {[%clk 0:45:13]} 19. Nd6+ {[%clk 1:03:29]}  Bxd6 {[%clk 0:53:45]} 20. exd6 {[%clk 0:57:44]}  f6 {[%clk 0:46:40]} 21. c4 {[%clk 0:53:22]}  Kf7 {[%clk 0:39:00]} 22. Rfc1 {[%clk 0:48:13]}  e5 {[%clk 0:35:02]} 23. Ba3 {[%clk 0:38:46]}  a6 {[%clk 0:27:18]} 24. Rab1 {[%clk 0:43:45]}  Ke6 {[%clk 0:29:57]} 25. c5 {[%clk 0:40:40]}  axb5 {[%clk 0:28:09]} 26. axb5 {[%clk 0:36:27]}  Ra8 {[%clk 0:25:38]} 27. Bb2 {[%clk 0:31:11]}  Rhc8 {[%clk 0:09:38]} 28. Rc3 {[%clk 0:30:58]}  Ra5 {[%clk 0:21:23]} 29. Ba3 {[%clk 0:30:42]}  Rxb5 {[%clk 0:21:02]} 30. Rxb5 {[%clk 0:12:39]}  Bxb5 {[%clk 0:20:15]} 31. f3 {[%clk 0:09:07]}  h5 {[%clk 0:19:43]} 32. Kf2 {[%clk 0:12:20]}  Bc6 {[%clk 0:16:50]} 33. Bc1 {[%clk 0:11:47]}  g5 {[%clk 0:15:56]} 34. Ra3 {[%clk 0:11:20]}  Kf5 {[%clk 0:13:52]} 35. Be3 {[%clk 0:09:01]}  e4 {[%clk 0:11:17]} 36. fxe4+ {[%clk 0:11:02]}  Bxe4 {[%clk 0:10:29]} 37. Bd4 {[%clk 0:09:31]}  Ke6 {[%clk 0:06:28]} 38. Rh3 {[%clk 0:05:42]}  h4 {[%clk 0:05:47]} 39. g3 {[%clk 0:02:37]}  hxg3+ {[%clk 0:05:26]} 40. Kxg3 {[%clk 0:08:04]}  Ra8 {[%clk 0:01:35]} 41. Rh6 {[%clk 0:38:20]}  Bc6 {[%clk 0:13:37]} 42. Bxf6 {[%clk 0:36:43]}  Kf5 {[%clk 0:08:30]} 43. Be7 {[%clk 0:33:09]}  Ra3+ {[%clk 0:06:31]} 44. Kf2 {[%clk 0:33:22]} 1/2-1/2

[Event "Masters Tournament (MTO)"]
[Site "Biel, CH"]
[Date "2025.07.22"]
[Round "8"]
[White "Gut, Raphael"]
[Black "Guretchii, Kirill"]
[Result "1/2-1/2"]
[Board "29"]
[WhiteFideId "1339974"]
[BlackFideId "13911872"]
[WhiteElo "2147"]
[BlackElo "2029"]
[WhiteTeam "SUI"]
[BlackTeam "MDA"]
[WhiteClock "0:04:13"]
[BlackClock "0:00:43"]
[Variant "Standard"]

1. d4 {[%clk 1:40:59]}  Nf6 {[%clk 1:40:41]} 2. c4 {[%clk 1:41:27]}  e6 {[%clk 1:41:01]} 3. Nc3 {[%clk 1:41:56]}  d5 {[%clk 1:41:24]} 4. cxd5 {[%clk 1:41:44]}  exd5 {[%clk 1:41:49]} 5. Bg5 {[%clk 1:42:45]}  Be7 {[%clk 1:42:11]} 6. e3 {[%clk 1:43:12]}  O-O {[%clk 1:42:29]} 7. Bd3 {[%clk 1:43:40]}  h6 {[%clk 1:42:41]} 8. Bh4 {[%clk 1:44:07]}  Re8 {[%clk 1:42:59]} 9. Qc2 {[%clk 1:44:05]}  c5 {[%clk 1:40:58]} 10. Nge2 {[%clk 1:22:29]}  Nc6 {[%clk 1:39:29]} 11. a3 {[%clk 0:59:43]}  cxd4 {[%clk 1:13:17]} 12. exd4 {[%clk 1:22:36]}  Ne4 {[%clk 1:07:59]} 13. Bxe7 {[%clk 1:22:17]}  Rxe7 {[%clk 1:07:38]} 14. O-O {[%clk 1:18:42]}  Nxc3 {[%clk 1:06:55]} 15. Qxc3 {[%clk 1:18:36]}  Bg4 {[%clk 1:07:01]} 16. f3 {[%clk 1:17:07]}  Bf5 {[%clk 0:42:22]} 17. Bxf5 {[%clk 0:49:20]}  Rxe2 {[%clk 1:05:01]} 18. Bh7+ {[%clk 0:48:37]}  Kf8 {[%clk 1:00:28]} 19. Bd3 {[%clk 0:47:54]}  Re3 {[%clk 0:57:25]} 20. Qd2 {[%clk 0:47:02]}  Qg5 {[%clk 0:50:45]} 21. f4 {[%clk 0:44:26]}  Qe7 {[%clk 0:49:43]} 22. Rae1 {[%clk 0:42:56]}  Rxe1 {[%clk 0:36:27]} 23. Rxe1 {[%clk 0:43:19]}  Qf6 {[%clk 0:35:56]} 24. Bf1 {[%clk 0:42:15]}  a6 {[%clk 0:26:17]} 25. g3 {[%clk 0:36:16]}  Rd8 {[%clk 0:20:56]} 26. Rd1 {[%clk 0:30:02]}  g6 {[%clk 0:17:47]} 27. Bg2 {[%clk 0:36:33]}  Kg7 {[%clk 0:18:00]} 28. h3 {[%clk 0:36:17]}  h5 {[%clk 0:18:16]} 29. h4 {[%clk 0:33:08]}  Ne7 {[%clk 0:16:43]} 30. Bh3 {[%clk 0:32:29]}  Rd6 {[%clk 0:16:17]} 31. Qe3 {[%clk 0:31:58]}  Rb6 {[%clk 0:15:53]} 32. Rd2 {[%clk 0:30:55]}  Rc6 {[%clk 0:15:19]} 33. Kf2 {[%clk 0:28:20]}  Rc4 {[%clk 0:12:36]} 34. Qe5 {[%clk 0:29:44]}  b5 {[%clk 0:12:12]} 35. Ke3 {[%clk 0:28:15]}  Rc1 {[%clk 0:04:48]} 36. Kf2 {[%clk 0:26:55]}  Rc4 {[%clk 0:04:40]} 37. Bg2 {[%clk 0:21:08]}  Rc6 {[%clk 0:04:08]} 38. Bf3 {[%clk 0:14:37]}  Re6 {[%clk 0:02:51]} 39. Qxf6+ {[%clk 0:15:00]}  Kxf6 {[%clk 0:03:12]} 40. Rc2 {[%clk 0:15:26]}  Rd6 {[%clk 0:02:48]} 41. Rc5 {[%clk 0:10:30]}  Ke6 {[%clk 0:03:07]} 42. Bg2 {[%clk 0:09:22]}  Rb6 {[%clk 0:30:00]} 43. b4 {[%clk 0:00:06]}  Rd6 {[%clk 0:28:29]} 44. Bh3+ {[%clk 0:34:47]}  f5 {[%clk 0:28:26]} 45. Ke3 {[%clk 0:31:40]}  Ng8 {[%clk 0:27:28]} 46. a4 {[%clk 0:27:03]}  Nf6 {[%clk 0:22:34]} 47. axb5 {[%clk 0:27:18]}  Ne4 {[%clk 0:22:25]} 48. Bg2 {[%clk 0:25:53]}  axb5 {[%clk 0:14:00]} 49. Rxb5 {[%clk 0:20:24]}  Ra6 {[%clk 0:15:26]} 50. Ra5 {[%clk 0:17:27]}  Rc6 {[%clk 0:13:29]} 51. Rc5 {[%clk 0:09:04]}  Ra6 {[%clk 0:13:21]} 52. Ra5 {[%clk 0:09:27]}  Rc6 {[%clk 0:12:57]} 53. Bxe4 {[%clk 0:03:33]}  fxe4 {[%clk 0:13:18]} 54. f5+ {[%clk 0:03:56]}  gxf5 {[%clk 0:12:38]} 55. Kf4 {[%clk 0:04:25]}  Rc4 {[%clk 0:08:12]} 56. Ra6+ {[%clk 0:04:51]}  Kd7 {[%clk 0:08:35]} 57. Ke5 {[%clk 0:04:01]}  Rxb4 {[%clk 0:08:29]} 58. Kxd5 {[%clk 0:04:22]}  Rb3 {[%clk 0:07:27]} 59. Ra7+ {[%clk 0:04:44]}  Kc8 {[%clk 0:07:05]} 60. Ke5 {[%clk 0:04:59]}  Rf3 {[%clk 0:07:00]} 61. d5 {[%clk 0:04:57]}  e3 {[%clk 0:06:45]} 62. Kf6 {[%clk 0:04:09]}  f4 {[%clk 0:03:05]} 63. gxf4 {[%clk 0:04:35]}  Rxf4+ {[%clk 0:03:01]} 64. Kg5 {[%clk 0:04:54]}  Re4 {[%clk 0:02:44]} 65. Ra1 {[%clk 0:05:08]}  Kd7 {[%clk 0:02:12]} 66. Kxh5 {[%clk 0:05:25]}  Kd6 {[%clk 0:02:25]} 67. Re1 {[%clk 0:05:22]}  Kxd5 {[%clk 0:01:49]} 68. Kg6 {[%clk 0:05:26]}  Re6+ {[%clk 0:01:31]} 69. Kf5 {[%clk 0:05:42]}  Re8 {[%clk 0:01:16]} 70. h5 {[%clk 0:05:53]}  Rh8 {[%clk 0:00:43]} 71. Rxe3 {[%clk 0:04:13]} 1/2-1/2

[Event "Masters Tournament (MTO)"]
[Site "Biel, CH"]
[Date "2025.07.22"]
[Round "8"]
[White "Vihaan Dumir"]
[Black "Kumbharathi, Vedansh"]
[Result "1/2-1/2"]
[Board "30"]
[WhiteFideId "25901010"]
[BlackFideId "30998395"]
[WhiteTitle "CM"]
[WhiteElo "2143"]
[BlackElo "1931"]
[WhiteTeam "IND"]
[BlackTeam "USA"]
[WhiteClock "0:38:20"]
[BlackClock "0:22:42"]
[Variant "Standard"]

1. e4 {[%clk 1:40:59]}  c5 {[%clk 1:40:49]} 2. Nf3 {[%clk 1:41:20]}  d6 {[%clk 1:40:53]} 3. d4 {[%clk 1:41:43]}  cxd4 {[%clk 1:41:13]} 4. Qxd4 {[%clk 1:41:58]}  Nc6 {[%clk 1:40:36]} 5. Qe3 {[%clk 1:42:25]}  g6 {[%clk 1:40:13]} 6. Be2 {[%clk 1:42:40]}  Bg7 {[%clk 1:39:25]} 7. O-O {[%clk 1:43:04]}  Nf6 {[%clk 1:38:21]} 8. c4 {[%clk 1:43:29]}  O-O {[%clk 1:37:17]} 9. Nc3 {[%clk 1:43:57]}  Bg4 {[%clk 1:32:27]} 10. Rb1 {[%clk 1:42:51]}  Nd7 {[%clk 1:29:31]} 11. Rd1 {[%clk 1:35:20]}  Qb6 {[%clk 1:26:04]} 12. Nd5 {[%clk 1:33:29]}  Qxe3 {[%clk 1:24:32]} 13. Bxe3 {[%clk 1:33:56]}  Rfc8 {[%clk 1:23:17]} 14. b3 {[%clk 1:31:01]}  Kf8 {[%clk 1:19:10]} 15. h3 {[%clk 1:30:49]}  Bxf3 {[%clk 1:18:26]} 16. Bxf3 {[%clk 1:30:45]}  Nc5 {[%clk 1:13:24]} 17. g3 {[%clk 1:26:32]}  e6 {[%clk 1:08:44]} 18. Nf4 {[%clk 1:26:47]}  Ke7 {[%clk 1:08:55]} 19. Bg2 {[%clk 1:26:54]}  a5 {[%clk 1:06:19]} 20. Ne2 {[%clk 1:22:53]}  Rab8 {[%clk 0:59:31]} 21. f4 {[%clk 1:17:40]}  b6 {[%clk 0:56:05]} 22. Rd2 {[%clk 1:17:22]}  Rd8 {[%clk 0:51:53]} 23. Rbd1 {[%clk 1:15:34]}  Rbc8 {[%clk 0:49:54]} 24. Kf2 {[%clk 1:12:06]}  a4 {[%clk 0:46:36]} 25. Rb1 {[%clk 1:05:13]}  axb3 {[%clk 0:41:49]} 26. axb3 {[%clk 1:05:37]}  Nb4 {[%clk 0:41:16]} 27. Nd4 {[%clk 1:04:05]}  Rd7 {[%clk 0:31:38]} 28. Nb5 {[%clk 0:58:42]}  Rcd8 {[%clk 0:28:19]} 29. g4 {[%clk 0:55:56]}  d5 {[%clk 0:16:40]} 30. cxd5 {[%clk 0:44:42]}  exd5 {[%clk 0:14:04]} 31. exd5 {[%clk 0:40:52]}  Nxd5 {[%clk 0:26:18]} 32. Bxc5+ {[%clk 0:40:14]}  bxc5 {[%clk 0:24:21]} 33. Re1+ {[%clk 0:38:59]}  Kf8 {[%clk 0:23:11]} 34. Red1 {[%clk 0:32:46]}  Nb6 {[%clk 0:21:23]} 35. Rxd7 {[%clk 0:38:05]}  Rxd7 {[%clk 0:21:52]} 36. Rxd7 {[%clk 0:38:22]}  Nxd7 {[%clk 0:22:20]} 37. Ke3 {[%clk 0:38:30]}  Ke7 {[%clk 0:22:22]} 38. Kd3 {[%clk 0:38:20]}  Nb6 {[%clk 0:22:42]} 1/2-1/2

[Event "Masters Tournament (MTO)"]
[Site "Biel, CH"]
[Date "2025.07.22"]
[Round "8"]
[White "Jelicic, Hugo"]
[Black "Bai, Xue"]
[Result "1/2-1/2"]
[Board "31"]
[WhiteFideId "1349040"]
[BlackFideId "8608717"]
[WhiteElo "1908"]
[BlackElo "2124"]
[WhiteTeam "SUI"]
[BlackTeam "CHN"]
[WhiteClock "0:16:53"]
[BlackClock "1:19:07"]
[Variant "Standard"]

1. d4 {[%clk 1:37:54]}  Nf6 {[%clk 1:40:47]} 2. Nf3 {[%clk 1:38:19]}  e6 {[%clk 1:41:13]} 3. Bf4 {[%clk 1:38:45]}  d5 {[%clk 1:41:38]} 4. e3 {[%clk 1:39:11]}  Bd6 {[%clk 1:42:02]} 5. c3 {[%clk 1:39:24]}  c5 {[%clk 1:42:25]} 6. Nbd2 {[%clk 1:39:36]}  Qc7 {[%clk 1:40:38]} 7. Ne5 {[%clk 1:36:07]}  Nbd7 {[%clk 1:40:45]} 8. Ndf3 {[%clk 1:31:51]}  c4 {[%clk 1:37:49]} 9. Be2 {[%clk 1:15:08]}  O-O {[%clk 1:37:00]} 10. h4 {[%clk 1:12:07]}  Ne4 {[%clk 1:35:04]} 11. h5 {[%clk 1:12:23]}  f6 {[%clk 1:34:27]} 12. Nxd7 {[%clk 1:02:40]}  Bxd7 {[%clk 1:34:48]} 13. Bxd6 {[%clk 1:02:22]}  Qxd6 {[%clk 1:34:47]} 14. Qc2 {[%clk 0:59:27]}  b5 {[%clk 1:33:03]} 15. Nd2 {[%clk 0:57:49]}  Nxd2 {[%clk 1:31:44]} 16. Qxd2 {[%clk 0:56:23]}  a5 {[%clk 1:32:06]} 17. h6 {[%clk 0:55:11]}  g6 {[%clk 1:32:20]} 18. f4 {[%clk 0:50:21]}  b4 {[%clk 1:29:20]} 19. e4 {[%clk 0:48:15]}  bxc3 {[%clk 1:28:19]} 20. bxc3 {[%clk 0:47:31]}  Rfb8 {[%clk 1:20:15]} 21. Kf2 {[%clk 0:44:30]}  dxe4 {[%clk 1:09:41]} 22. Bxc4 {[%clk 0:42:47]}  Bb5 {[%clk 0:58:42]} 23. Bxb5 {[%clk 0:41:13]}  Rxb5 {[%clk 0:59:09]} 24. Rab1 {[%clk 0:39:42]}  Rab8 {[%clk 0:58:21]} 25. Rxb5 {[%clk 0:40:04]}  Rxb5 {[%clk 0:58:50]} 26. g3 {[%clk 0:40:23]}  Qb8 {[%clk 0:53:50]} 27. Rc1 {[%clk 0:39:37]}  a4 {[%clk 0:54:08]} 28. Qe2 {[%clk 0:37:05]}  Rb2 {[%clk 0:52:36]} 29. Rc2 {[%clk 0:36:21]}  a3 {[%clk 0:53:00]} 30. Qxe4 {[%clk 0:34:10]}  Rxc2+ {[%clk 0:53:22]} 31. Qxc2 {[%clk 0:34:36]}  Qb2 {[%clk 0:53:46]} 32. Qe2 {[%clk 0:35:01]}  Kf7 {[%clk 0:46:19]} 33. Kf1 {[%clk 0:22:38]}  Qxc3 {[%clk 0:53:45]} 34. Qa6 {[%clk 0:22:10]}  Qf3+ {[%clk 0:52:57]} 35. Ke1 {[%clk 0:16:35]}  Qxg3+ {[%clk 0:53:16]} 36. Ke2 {[%clk 0:15:22]}  Qg2+ {[%clk 0:52:13]} 37. Ke3 {[%clk 0:11:59]}  g5 {[%clk 0:51:07]} 38. Qa7+ {[%clk 0:06:08]}  Kg6 {[%clk 0:50:46]} 39. Qg7+ {[%clk 0:06:23]}  Kh5 {[%clk 0:51:54]} 40. Qf7+ {[%clk 0:05:54]}  Kh4 {[%clk 0:51:12]} 41. Qxf6 {[%clk 0:02:45]}  Qg1+ {[%clk 0:50:53]} 42. Ke4 {[%clk 0:18:10]}  Qe1+ {[%clk 1:20:09]} 43. Kf3 {[%clk 0:18:17]}  Qc3+ {[%clk 1:19:01]} 44. Ke4 {[%clk 0:16:30]}  Qe1+ {[%clk 1:19:20]} 45. Kf3 {[%clk 0:16:53]}  Qc3+ {[%clk 1:19:07]} 1/2-1/2